000 00585nam a2200193Ia 4500
005 20230128104139.0
008 131103s9999 xx 000 0 und d
040 _aLoreto College
041 _aEnglish
082 _a954.01
_bPAT
100 _aPathak,Vishwambhar Sharan
245 _aAncient historians of India
_b A study in historical biographies
_cVishwambhar Sharan Pathak
260 _aBombay
_bAsia Publishing House
_cc 1966
300 _axv,184 p.
504 _aIncludes index and bibliographical references
650 _aIndia - History
850 _aLCLIB
942 _cBK
999 _c8984
_d59463